Quizzes
Events
Quiz Creation
Community
Videos
Private Events
Remove Ads
Sign In
Join for FREE
Feedback
Dark Mode
Quiz Categories
Sports
Geography
Music
Movies
Television
Just For Fun
Miscellaneous
History
Literature
Language
Science
Gaming
Entertainment
Religion
Holiday
For Kids
Quiz Lab
Recent
Popular Today
Quiz Kudos Today
Editor Picks
Curator Picks
Quizzes by...
Day
Popularity
Type
Ratings
Length
Year
Community
Subscriptions
Recent Discussions
Orange Saloon
Badges
Playlists
Quests
Create
Leaderboards
Showdown
Live 5
Trivia Bingo
Activity
Puzzle Library
Sporcle Events
Private Events
Virtual Trivia
Globe League
Become a Host
Pub Owners
SporcleCon
Opinionation
Our Games
Videos
Blog
Mobile Apps
Partnerships
Remove Ads and Go Orange
Feedback
Television
TV Characters
TV Show
Sitcom
Network
Friends
Reality Shows
Cast
South Park
Star Trek
The Simpsons
Doctor Who
Television
TV Characters
TV Show
Sitcom
Network
Friends
Reality Shows
Cast
South Park
Star Trek
The Simpsons
Doctor Who
Random Quiz
Search Sporcle
×
Quiz Lab
Quiz Lab
Television
episode
Type in answers that appear in a list
Type in answers that appear in a list
Classic
Best Score? Go Orange.
Phineas And Ferb Episode Quiz Stats
Can you name the Phineas And Ferb Episode Quiz?
By
Doofenshmirtz
10m
40 Questions
176 Plays
176 Plays
176 Plays
Comments
Comments
Give Quiz Kudos
Give Quiz Kudos
-
- Ratings
hide this ad
Replay
Link that replays current quiz
Next Quiz
Link to next quiz in quiz playlist
You Got
0%
They Got
Avg Score
48%
Avg Friend Score
Upgrade to see
Score Distribution
Jump to the score distribution portion of the page
Score
0/40
Timer
10:00
0
Plays Today
What we do today
Episode
% Correct
Made it Snow in Summer
S'Winter
88.6%
Became Pop Stars
Flop Starz
81.8%
Built Robot Versions of Ourselves
I, Brobot
78.4%
Built a Spa
Spa Day
64.8%
Fixed a Time Machine
It's About Time
63.1%
Tried to make an Ice Cream Machine
I Scream, You Scream
61.4%
Had a Birthday party for our Mom
Mom's Birthday
59.7%
Found the lost Underwater City
Atlantis
57.4%
Made people aware of Aglets
Tip Of The Day
55.7%
Made a Platypus themed Restaurant
Chez Platypus
55.7%
Played Hide and Seek
Hide and Seek
54%
Built two Treehouse Robots
Tree To Get Ready
53.4%
Had a Chariot Race through Danville
Greece Lightning
53.4%
Found Nosey
The Lake Nose Monster
52.8%
Had a televised Quiz
Lets Take a Quiz
52.3%
Became a Superhero
The Beak
51.7%
Travelled around in a Giant Bubble
Bubble Boys
51.1%
Did absolutely Nothing
The Best Lazy Day Ever
50.6%
Made a huge paper Mache Aeroplane
De Plane! De Plane!
47.2%
Helped baljeet learn about Rock and Roll
The Baljeatles
44.9%
What we do today
Episode
% Correct
Went up Into Space
Out To Launch
44.3%
Searched for Perry
Oh, There You Are, Perry
44.3%
Ferb Helped Jeremy to dance
Nerdy Dancin'
43.8%
Made an Aquarium for Goldie
Backyard Aquarium
43.2%
Invented the Rainbowinator!
Hail Doofania!
41.5%
Went to the Moon to make Ice Cream
Moon Farm
41.5%
Made a Car Wash to save the Star Nose Mole
At The Car Wash
40.9%
Went and saw Space Adventure
Not Phineas and Ferb
40.3%
Tricked out old kids Rides
Ain't No Kiddie Ride
39.8%
Made a Virtual World
Gaming The System
39.2%
Made a Device that let us go through walls
Just Passing Through
39.2%
Made a Lemonade Stand
The Lemonade Stand
39.2%
Had an Intimate Get Together with Candace and friends
Candace Gets Busted
39.2%
Built a Giant Maze
We Call it Maze
38.6%
Helped Dad be a Washed up Pop Star
Ladies and Gentlemen, Meet Max Modem!
38.1%
Made a machine that defies Gravity
Undercover Carl
37.5%
Made X-
Ray Glasses
No More Bunny Business
36.9%
Built Niagra Falls
Suddenly Suzy
35.8%
Ferb found a new Pet
The Lizard Whisperer
34.1%
Made an All Terrain Vechicle
The Secret Of Success
23.3%
Quiz Playlist
Details
Report
Send in Message
Add To Playlist
Classic:
Type in answers that appear in a list
Last Updated: Feb 16, 2017
Quiz Scoreboard
CHALLENGE
Sign Up to Join the Scoreboard
Show All
Scores
Hide
Comments
May contain spoilers
Recently Published
Decade Duel: World Leaders
by jenniferyan
History
4m
Alphabetical 'K' Countries by Flag Minefield
by ylime102
Geography
3m
Pick 6: Fruits
by JohnFran
Miscellaneous
15s
More to Explore
Quiz From the Vault
Featured Blog Post
15 Basketball Trivia Facts You Can Be March Mad About
hide this ad
You Might Also Like...
Tags
episode
Ferb
phineas
Phineas Ferb
Today
Today's Top Quizzes in Television
Browse Television
hide this ad
Today's Top Quizzes in episode
Browse episode
Top Contributed Quizzes in Television
1
Hidden Simpsons Character
2
First Name TV: Leading Men
3
Hidden Simpsons Character XXIV
4
Hidden Simpsons Character II
5
First Name TV: Leading Women Drama
6
Hidden Simpsons Character III
7
Hidden Simpsons Character XXV
8
Hidden Simpsons Character XXVI
9
Pick A Pair: Religious TV
10
One Piece Logic Puzzle
Explore More
Trending Topics
Kpop
Crossword
Anime
Marvel
Harry Potter
Disney
NBA
Pokémon
Song
WWE
NFL
The Office
Puzzle
Country
Soccer
hide this ad
More By:
Doofenshmirtz
Quiz
Plays
Rating
Category
Featured
Created
Yugioh Dragons
937
1.50
Gaming
Aug 10, 2011
Dr Who Quiz Off 2005 - 2011
392
Television
Aug 8, 2011
Phineas And Ferb Episode Quiz
176
Television
Aug 9, 2011
Go to Creator's Profile
Score Distribution
Quiz Creator Spotlight
Doofenshmirtz
Follow
Send a Message
Quizzes Created
-
Created Quiz Play Count
-
More By This Creator
Popular Quizzes Today
1
Countries of Asia Without Outlines Minefield
2
Find the US States - No Outlines Minefield
3
Pick 6: Fruits
4
The Countries of the World
5
Alphabetical 'K' Countries by Flag Minefield
6
Find the Countries of Europe - No Outlines Minefield
7
US States
8
Find the US States
More Television Quizzes
The Wire Nicknames
Published
Trending Quizzes
Pick 6: Mountains
Pick 6: Harry Potter
Pick 6: Flags
Pick 6: NFL Teams
Pick 6: Movie Franchises
Recently Updated
Adaptations: Name the Title
pecheneg
NWSL Teams
pecheneg
Women's Final Four Teams by Year
bhenderson79
Presidents Quartet II
eogle
Anything But Clue(do)
eogle
Anything But Oceanian Capitals
eogle
Anything But 7
eogle
Anything But Thing
eogle
Word Ladder: February 29
pecheneg
Song Title Questions
pecheneg
Trending Topics
Anime
Marvel
Kpop
Disney
Harry Potter
Crossword
NBA
Pokémon
Puzzle
Song
Country
NFL
Soccer
The Office
WWE
Your Account Isn't Verified!
In order to create a playlist on Sporcle, you need to verify the email address you used during registration. Go to your
Sporcle Settings
to finish the process.
Report this User
Report this user for behavior that violates our
Community Guidelines
.
Details:
Send Report
Go to the Sporcle.com Mobile Site →
Comments